<?xml version="1.0" encoding="UTF-8"?>
<record
    xmlns:xsi="http://www.w3.org/2001/XMLSchema-instance"
    xsi:schemaLocation="http://www.loc.gov/MARC21/slim http://www.loc.gov/standards/marcxml/schema/MARC21slim.xsd"
    xmlns="http://www.loc.gov/MARC21/slim">

  <leader>04176nam a22004334a 4500</leader>
  <controlfield tag="001">ebr10255042</controlfield>
  <controlfield tag="003">CaPaEBR</controlfield>
  <controlfield tag="006">m        u        </controlfield>
  <controlfield tag="007">cr cn|||||||||</controlfield>
  <controlfield tag="008">080208s2008    enka    sb    001 0 eng  </controlfield>
  <datafield tag="010" ind1=" " ind2=" ">
    <subfield code="z">  2008005764</subfield>
  </datafield>
  <datafield tag="015" ind1=" " ind2=" ">
    <subfield code="a">GBA869224</subfield>
    <subfield code="2">bnb</subfield>
  </datafield>
  <datafield tag="016" ind1="7" ind2=" ">
    <subfield code="z">101465902</subfield>
    <subfield code="2">DNLM</subfield>
  </datafield>
  <datafield tag="016" ind1="7" ind2=" ">
    <subfield code="z">014622019</subfield>
    <subfield code="2">Uk</subfield>
  </datafield>
  <datafield tag="020" ind1=" " ind2=" ">
    <subfield code="z">1845933958 (hbk. : alk. paper)</subfield>
  </datafield>
  <datafield tag="020" ind1=" " ind2=" ">
    <subfield code="z">9781845933951 (hbk. : alk. paper)</subfield>
  </datafield>
  <datafield tag="040" ind1=" " ind2=" ">
    <subfield code="a">CaPaEBR</subfield>
    <subfield code="c">CaPaEBR</subfield>
  </datafield>
  <datafield tag="035" ind1=" " ind2=" ">
    <subfield code="a">(OCoLC)271693588</subfield>
  </datafield>
  <datafield tag="050" ind1="1" ind2="4">
    <subfield code="a">RM849</subfield>
    <subfield code="b">.H47 2008eb</subfield>
  </datafield>
  <datafield tag="082" ind1="0" ind2="4">
    <subfield code="a">615/.321</subfield>
    <subfield code="2">22</subfield>
  </datafield>
  <datafield tag="245" ind1="0" ind2="0">
    <subfield code="a">Herbal radiomodulators</subfield>
    <subfield code="h">[electronic resource] :</subfield>
    <subfield code="b">applications in medicine, homeland defence and space /</subfield>
    <subfield code="c">editor, Rajesh Arora.</subfield>
  </datafield>
  <datafield tag="260" ind1=" " ind2=" ">
    <subfield code="a">Wallingford, UK ;</subfield>
    <subfield code="a">Cambridge, MA :</subfield>
    <subfield code="b">CABI,</subfield>
    <subfield code="c">c2008.</subfield>
  </datafield>
  <datafield tag="300" ind1=" " ind2=" ">
    <subfield code="a">xvii, 332 p. :</subfield>
    <subfield code="b">ill.</subfield>
  </datafield>
  <datafield tag="504" ind1=" " ind2=" ">
    <subfield code="a">Includes bibliographical references and index.</subfield>
  </datafield>
  <datafield tag="505" ind1="0" ind2=" ">
    <subfield code="a">Radiomodulatory compounds of herbal origin for new frontiers in medicine, homeland security, management of radiological incidents, and space applications / Rajesh Arora ... [et al.] -- Indian medicinal herbs and ayurvedic formulations as potential radioprotectors / D.K. Maurya and T.P.A. Devasagayam --</subfield>
  </datafield>
  <datafield tag="505" ind1="0" ind2=" ">
    <subfield code="a">Irradiation, radioprotection, and Nigella sativa / M. Cemek ... [et al.] -- Modulation of radiation-induced damage by Serbian natural plant products : implications for radioprotection / Gordana Joksi&#xFFFD;c, Andreja Leskovac, and Sandra Petrovi&#xFFFD;c -- Phytoceuticals for radioprotection with special reference to Egyptian flora / N.M. Abdel-Hamid -- Melatonin mitigates the damaging effects of ionizing radiation / Russel J. Reiter ... [et al.] -- Radioprotective effect of citrus and hawthorn extracts against genotoxicty induced by gamma irradiation / Seyed Jalal Hosseinimehr --</subfield>
  </datafield>
  <datafield tag="505" ind1="0" ind2=" ">
    <subfield code="a">The healing potential of indigenous essential oils from New Zealand in the prevention and management of radiation-induced mucositis / W. Maddocks-Jennings -- Piper betel leaves : a potential gold mine of radioprotective and photoprotective compounds / Debashish Banerjee and Subrata Chattopadhyay -- Dietary antioxidants and phytochemicals in radioprotection and therapy / Carmia Borek -- Effects of berry fruits on neurocognitive deficits produced by exposure to space radiation / B.M. Rabin, James Joseph, and Barbara Shukitt-Hale --</subfield>
  </datafield>
  <datafield tag="505" ind1="0" ind2=" ">
    <subfield code="a">Radioprotection by the soy isoflavone genistein / Michael R. Landauer -- Propolis and related flavonoids as radioprotective agents / Nada Or&#xFFFD;soli&#xFFFD;c ... [et al.] -- Radioprotective effects of Ginkgo biloba via its antioxidant action / G&#xFFFD;oksel &#xFFFD;Sener, Abdullah Sakarcan, and Berrak &#xFFFD;C. Ye&#xFFFD;gen -- Novel strategies for protecting mitochondria (the cellular powerhouse) against low-LET radiation : a review / Damodar Gupta ... [et al.] --</subfield>
  </datafield>
  <datafield tag="505" ind1="0" ind2=" ">
    <subfield code="a">Andrographis paniculata : an emerging radioprotective agent for membrane proteins / Rakshamani Tripathi and Jayashree P. Kamat -- Mitigation of deleterious effects of ionizing radiation by phytoceuticals : mechanistic studies with Centella asiatica / C.K.K. Nair and Jisha Joy -- The radiosensitizing effects of L-canavanine / David R. Worthen and Peter A. Crooks --</subfield>
  </datafield>
  <datafield tag="505" ind1="0" ind2=" ">
    <subfield code="a">Withaferin A : a phytosteroid of promise for tumour sensitization in cancer therapy / P. Uma Devi -- The radiosensitizer hypericin as adjuvant therapy in the treatment of central nervous system tumours / Toba Niazi and William T. Couldwell -- Radiosensitizing activity of the Indian medicinal plant Tinospora cordifolia Miers ex Hook F &amp; Thoms in tumour-bearing mice / Ganesh Chandra Jagetia -- Do antioxidants reduce the efficacy of radiotherapy? / Ralph Moss.</subfield>
  </datafield>
  <datafield tag="533" ind1=" " ind2=" ">
    <subfield code="a">Electronic reproduction.</subfield>
    <subfield code="b">Palo Alto, Calif. :</subfield>
    <subfield code="c">ebrary,</subfield>
    <subfield code="d">2013.</subfield>
    <subfield code="n">Available via World Wide Web.</subfield>
    <subfield code="n">Access may be limited to ebrary affiliated libraries.</subfield>
  </datafield>
  <datafield tag="650" ind1=" " ind2="0">
    <subfield code="a">Radiation-protective agents.</subfield>
  </datafield>
  <datafield tag="650" ind1=" " ind2="0">
    <subfield code="a">Herbs</subfield>
    <subfield code="x">Therapeutic use.</subfield>
  </datafield>
  <datafield tag="650" ind1=" " ind2="0">
    <subfield code="a">Radiotherapy.</subfield>
  </datafield>
  <datafield tag="655" ind1=" " ind2="7">
    <subfield code="a">Electronic books.</subfield>
    <subfield code="2">local</subfield>
  </datafield>
  <datafield tag="700" ind1="1" ind2=" ">
    <subfield code="a">Arora, Rajesh.</subfield>
  </datafield>
  <datafield tag="710" ind1="2" ind2=" ">
    <subfield code="a">ebrary, Inc.</subfield>
  </datafield>
  <datafield tag="856" ind1="4" ind2="0">
    <subfield code="u">http://site.ebrary.com/lib/rucke/Doc?id=10255042</subfield>
    <subfield code="z">An electronic book accessible through the World Wide Web; click to view</subfield>
  </datafield>
  <datafield tag="999" ind1=" " ind2=" ">
    <subfield code="c">14753</subfield>
    <subfield code="d">14753</subfield>
  </datafield>
</record>
